Guía básica sobre corrupción y desarrollo: Medidas contra la corrupción para la reducción de la pobreza, el cumplimiento de los ODM y la promoción del desarrollo sostenible.
Na minha lista:
| Corporate Authors: | , |
|---|---|
| Formato: | Livro |
| Idioma: | espanhol |
| Publicado em: |
Nueva York
PNUD
2008
|
| Assuntos: | |
| Tags: |
Adicionar Tag
Sem tags, seja o primeiro a adicionar uma tag!
|
MARC
| LEADER | 00000nam a2200000 a 4500 | ||
|---|---|---|---|
| 001 | UCG1981 | ||
| 003 | CL-VaPUC | ||
| 008 | 100531e20081200US |||||||||||||||||spa|d | ||
| 082 | 0 | 4 | |a 338.92 |b PNU |2 21 |
| 110 | 2 | |a PNUD |e author |9 550128 | |
| 710 | 2 | |a Programa de las Naciones Unidas para el Desarrollo |e author |9 550129 | |
| 245 | 1 | 0 | |a Guía básica sobre corrupción y desarrollo: Medidas contra la corrupción para la reducción de la pobreza, el cumplimiento de los ODM y la promoción del desarrollo sostenible. |
| 300 | |a 46 p | ||
| 942 | |c BK | ||
| 945 | |d 20100531 00:00:00 |a dcastane | ||
| 260 | |a Nueva York |b PNUD |c 2008 | ||
| 650 | 0 | |a Desarrollo económico |9 259599 | |
| 650 | 0 | |a Desarrollo sostenible |9 537755 | |
| 650 | 0 | |a Corrupción |9 328304 | |
| 650 | 7 | |a REDUCCION DE LA POBREZA |2 CL-VaPUC |9 550130 | |
| 583 | |a last modification |c 20100531 00:00:00 |k Rodrigo Vera | ||
| 999 | |c 341224 |d 341222 | ||
| 952 | |0 0 |1 0 |4 0 |6 338_920000000000000_PNU_2008 |7 0 |8 A |9 436585 |a BIBGIM |b BIBGIM |d 2019-11-22 |i 4682491 |o 338.92 PNU 2008 |p 4682491 |r 2025-01-15 |w 2019-11-22 |y BK |k SSL | ||